Introduction to Phonetics

Gardado en:
Detalles Bibliográficos
Autor Principal: Merton Wise, Claude
Formato: Libro
Idioma:Undetermined
Publicado: New Jersey, Estados Unidos Prentice-Hall 1957
Materias:
Etiquetas: Engadir etiqueta
Sen Etiquetas, Sexa o primeiro en etiquetar este rexistro!

MARC

LEADER 00000nam a2200000Ia 4500
008 170316s9999 xx 000 0 und d
090 |a 410 M-17i 
100 |a Merton Wise, Claude 
245 |a Introduction to Phonetics 
260 |a New Jersey, Estados Unidos 
260 |b Prentice-Hall 
260 |c 1957 
300 |a 251 páginas 
650 |a LINGÜÍSTICA 
999 |c 18593  |d 18593 
040 |a cru BVZT 
942 |c 15 D  |h 410 M-17i  |2 z